| 000 | 00782nam a2200205 u 4500 | ||
|---|---|---|---|
| 001 | 000321798 | ||
| 003 | AM-YeHGA | ||
| 005 | 20250617130542.0 | ||
| 008 | 040326s1991 ||| r 000 0 rus d | ||
| 020 | _a5333010919 | ||
| 040 | _aAM-YeHGA | ||
| 041 | 0 | _arus | |
| 100 | 1 | _aКузнецов, Анатолий Васильевич. | |
| 245 | 1 | 0 |
_aБабий Яр : _bРоман-документ / _cАнатолий Кузнецов (А. Анатолий). |
| 260 |
_aКиев : _bРад. пысьмэннык, _c1991. |
||
| 300 | _a352 с. | ||
| 653 | 0 | _aНемецко-фашистская оккупация в период Великой Отечественной войны 1941-1945 гг. - Киев (х. л.) | |
| 653 | 0 | _aБабий Яр (х. л.) | |
| 090 | _c120996 | ||
| 999 |
_c119645 _d119645 |
||